000
00209 a2200097 4500
001
29750
100
_a
Pearson
245
_a
Handbook of applied mathematics
260
_a
_b
Nostrand
_c
090
_c
19767
_d
19767
942
_a
NUST-CAE
_c
M
_c
10854
999
_c
264823
_d
264823